Rank NFL Teams by Total Playoff Wins - Statistics

General Stats
  • This quiz has been taken 259 times
  • The average score is 16 of 32
Answer Stats
GP W Answer % Correct
1 59 37 New England Patriots
99%
2 59 36 San Francisco 49ers
81%
3 61 36 Green Bay Packers
78%
4 63 36 Pittsburgh Steelers
77%
5 66 36 Dallas Cowboys
73%
6 53 26 Los Angeles Rams
65%
32 10 4 Houston Texans
59%
7 45 25 Las Vegas Raiders
59%
8 50 25 Philadelphia Eagles
57%
31 20 7 Detroit Lions
55%
9 51 25 New York Giants
55%
10 42 23 Denver Broncos
52%
12 48 23 Indianapolis Colts
50%
11 43 23 Washington Commanders
48%
13 52 21 Minnesota Vikings
47%
14 41 20 Kansas City Chiefs
46%
16 38 18 Buffalo Bills
45%
18 37 17 Chicago Bears
45%
15 42 20 Miami Dolphins
45%
29 16 8 Jacksonville Jaguars
43%
30 17 7 Arizona Cardinals
42%
23 33 12 Cleveland Browns
42%
27 26 10 Cincinnati Bengals
41%
21 25 12 New York Jets
41%
17 36 17 Seattle Seahawks
41%
28 17 9 Carolina Panthers
40%
20 28 16 Baltimore Ravens
39%
25 23 10 New Orleans Saints
37%
19 40 17 Tennessee Titans
37%
26 24 10 Atlanta Falcons
36%
22 31 12 Los Angeles Chargers
36%
24 22 11 Tampa Bay Buccaneers
32%
No matching quizzes found
Score Distribution
Percent of People with Each Score
Percentile by Number Answered
Your Score History
You have not taken this quiz